000 00691nam a2200181Ia 4500
008 100917s9999 xx 000 0 und d
082 _b53485
100 _aकेळकर हरि गणेश
245 _aलोकहितवादी सरदार गोपाळ हरि देशमुख
260 _bमा. जा. जोशी
_c1937
300 _a112
365 _b0
520 _aचरित्र
630 _aलोकहितवादी सरदार गोपाळ हरि देशमुख
650 _aचरित्र
730 _aलोकहितवादी सरदार गोपाळ हरि देशमुख
942 _cBOOK
999 _c658879
_d658876